| 000 | 00691nam a2200169 a 4500 | ||
|---|---|---|---|
| 005 | 20140414132115.0 | ||
| 008 | 111011s19uu xx 00 eng d | ||
| 020 | _a9780547215679 | ||
| 050 |
_aTR _bQ4 2010 |
||
| 100 | _aUnderwood, Deborah. | ||
| 245 |
_aQuiet book / _cby Deborah Underwood ; illustrated by Renata Liwska. |
||
| 260 |
_aNew York : _bHoughton Mifflin Books for Children, _cc2010. |
||
| 520 | _aFrom the quiet of being the first one awake in the morning to "sweet dreams quiet" when the last light is turned off, simple text explores the many kinds of quiet that can exist during the day. | ||
| 650 |
_aQuietude _xFiction. |
||
| 650 |
_aAnimals _x Fiction. |
||
| 999 |
_c114901 _d114901 |
||